Culture Générale - Série 371 - Statistiques

Statistiques générales
  • Ce quiz a été pris 236 fois
  • Le résultat moyen est 7 sur 10
Statistiques - réponses
Question Réponse % Correct
A quel animal l'adjectif "hippique" se rapporte-t-il ? Le cheval
99%
En juillet 2007, quel joueur de basket a épousé l'actrice Eva Longoria, héroïne de la série "Desperate Housewives" ? Tony Parker
85%
Quel nom a-t-on donné au scandale politique qui obligea le président américain Richard Nixon à démissionner en 1974 ? Le Watergate
83%
Quel prénom féminin désigne également un bonnet de caoutchouc porté sous la douche ? Charlotte
74%
Quel footballeur anglais est surnommé le "Spice Boy" par les journalistes ? David Beckham
71%
Dans quelle ville sainte se trouve la Kaaba ? La Mecque
68%
Comment appelle-t-on le petit cercle rasé au sommet de la tête des écclésiastiques ? La tonsure
67%
Qui a été nommé sélectionneur de l'équipe de France de football en 2004 ? Raymond Domenech
61%
Dans quel pays est née Pamela Anderson ? Le Canada
58%
Quel fleuve traverse la ville américaine de Washington (district de Columbia) ? Le Potomac
24%
Aucun quiz correspondant
Distribution des résultats
% des personnes avec chaque résultat
Percentile par nombre de réponses
Votre historique - résultats
Vous n’avez pas pris ce quiz